000 00691nam a2200181Ia 4500
008 151202s9999||||xx |||||||||||||| ||und||
082 _bPNVM-82365
100 _aदाभोळकर नरेंद्र/बागवे माधव.
245 _aमती भानामती.
260 _b"राजहंस प्रकाशन,पुणे."
260 _c2013
300 _a144
600 _aदाभोळकर नरेंद्र/बागवे माधव.
630 _aमती भानामती.
700 _aदाभोळकर नरेंद्र/बागवे माधव.
730 _aमती भानामती.
942 _cBOOK
999 _c1346973
_d1346970